000 00565nam a2200205Ia 4500
005 20250508150629.0
008 008 250505s9999 xx 000 0 eng d
037 _aTextual
040 _aFEDL
_beng
_cFEDL
041 _aeng
_2eng
084 _a150.13, POF
_qFEDL
100 _aPoffenberger A T
245 0 _aPrinciples of applied psychology
260 _aNew York, USA
_bD. Appleton - Century Company
_c1942
300 _axvi,655p
365 _aUSD
_b4.25
650 _aPsychology
942 _cTEXL
_h150.13, POF
999 _c1324688
_d1324688